Countries With Specific Vowel Order - Statistics

General Stats
  • This quiz has been taken 47 times
  • The average score is 37 of 53
Answer Stats
XXX Country % Correct
AOA Andorra/Angola/Samoa
94%
IA China/Finland/Iran/Iraq/Italy/Libya/Syria
94%
EA Denmark/Germany /Kenya/Nepal
94%
OA Jordan/Norway/Oman/Poland/Tonga
94%
AAA Bahamas/Canada/Kazakhstan/Panama
91%
IEA Iceland/Ireland/Switzerland/Vietnam
91%
EE Sweden/Yemen
91%
A Chad/Kyrgyzstan
88%
AIA Gambia/Latvia/Pakistan/Taiwan/Thailand/Zambia
88%
AA Ghana/Japan/Malta/Myanmar/Qatar/Rwanda
88%
AI Spain/Mali/Brazil
88%
OOO Comoros/Kosovo/Morocco
85%
II Fiji
85%
UAA Guyana/Uganda
85%
IAE Israel/Zimbabwe
85%
UA Bhutan/Cuba/Hungary/Sudan
82%
EEE Greece/Seychelles
82%
OUA Honduras/Portugal
82%
AAI Bahrain/Malawi
79%
IE Niger/Chile
79%
EEA Netherlands/Senegal
76%
EU Peru
76%
OO Togo/(Congo)
76%
EIU Belgium
73%
EI Benin
73%
AE France
73%
AII Haiti
73%
AO Laos/Gabon
73%
UIA Russia
73%
IIA India
70%
EIO Mexico
70%
E Egypt
67%
AAU Palau
67%
UAU Tuvalu
67%
EAU Belarus
64%
EIA Serbia
64%
OAO Monaco
61%
UE Turkey
61%
UUI Burundi
58%
EOO Lesotho
58%
AUU Nauru
58%
EIE Belize
55%
UAI Kuwait
55%
UEI Brunei
52%
EAA Grenada
52%
AAE Bangladesh
42%
AAO Barbados
42%
OAA Botswana
42%
EAO Lebanon
42%
AIE Maldives
42%
OOA Moldova
42%
IAA Sri Lanka
42%
U Cyprus
36%
No matching quizzes found
Score Distribution
Percent of People with Each Score
Percentile by Number Answered
Your Score History
You have not taken this quiz